000 00507nam a2200133 4500
999 _c16815
_d16815
008 180413b ||||| |||| 00| 0 eng d
082 _aDPer 050 Dec 2015-Mar 2016 T48 v186-187
100 _aZacharek, Stephanie.
_944972
245 _aEmbrace of the serpent honors the mystical without denying the natural/
_cStephanie Zacharek.
260 _aNew York:
_bTime Inc.,
_c©Dec 2015-Mar 2016.
300 _av187 n8, page 46:
_billustrations;
_c27 cm.
650 _aMotion picture.
_944973
942 _2ddc
_cPER